Bezpečná práce /

Salvato in:
Dettagli Bibliografici
Autori principali: Mederlyová, E (Autore), Mederly, M (Autore)
Natura: Libro
Lingua:ceco
Pubblicazione: Ostrava : AKS, 1991
Tags: Aggiungi Tag
Nessun Tag, puoi essere il primo ad aggiungerne!!

MARC

LEADER 00000nam a22000003a 4500
001 stu31397
005 20150617225736.1
008 931027s1991----cs------------------cze-d
040 |a STU  |b slo 
041 0 |a cze 
044 |a cs 
080 |a 331.45 
100 1 |a Mederlyová, E  |4 aut 
245 1 |a Bezpečná práce /  |c [aut.] Mederlyová,E.; Mederly,M 
260 |a Ostrava :  |b AKS,  |c 1991 
300 |a 47 s 
700 1 |a Mederly, M  |4 aut 
996 |b J88053  |c J*88053  |l JJSK  |s A  |a 24  |w stu31397_0001